000 00889cab a22002055a 4500
001 L151468
008 101108e20101030xxk 000 0 eng d
035 _a(Sirsi) u151468
041 0 _aeng
100 1 _aHooper, Robin
245 0 0 _aPotential challenge
260 _c2010
490 _aEstates Gazette
_v(1043) 30 October 2010, 88(1)
520 _aExplores how organsations can make savings in energy costs through alternative energy generation, use carbon trading system to maximise returns and take advantage of available tax benefits. Gives examples of alternative energy sources including anaerobic digestors in rural areas and installation of photovoltaic panels to harness solar powers.
590 _aKA
650 2 4 _aCARBON REDUCTION COMMITMENT ENERGY EFFICIENCY SCHEME
651 4 _aUnited Kingdom
_y
690 _aENVIRONMENTAL AND LAND CONSULTANCY-ENERGY
942 _n0
999 _c82801
_d82801